| 000 | 00720cam a22002653a 4500 | ||
|---|---|---|---|
| 001 | 3075 | ||
| 003 | PGUSA | ||
| 005 | 20140828083025.0 | ||
| 008 | 020201s2002||||xxu|||||s|||||000 1 eng d | ||
| 040 |
_aPGUSA _beng |
||
| 042 | _adc | ||
| 050 | 4 | _aPR | |
| 100 | 1 |
_aDe la Mare, Walter, _d1873-1956 |
|
| 245 | 1 | 4 |
_aThe Return _h[electronic resource] / _cWalter De la Mare |
| 260 |
_bProject Gutenberg, _c2002 |
||
| 506 | _aPublic domain in the USA. | ||
| 516 | _aElectronic text | ||
| 653 | _aFantasy fiction | ||
| 653 | _aHorror tales | ||
| 653 | _aSupernatural -- Fiction | ||
| 653 | _aParanormal fiction | ||
| 830 | 0 |
_aProject Gutenberg _v3075 |
|
| 856 | 4 | 0 | _uhttp://www.gutenberg.org/ebooks/3075 |
| 942 | _cEB | ||
| 999 |
_c232404 _d232404 |
||